Celeste SJC: Expert Lobby Levels From Their Stickers - Statistics

General Stats
  • This quiz has been taken 10 times
  • The average score is 21 of 24
Answer Stats
Picture Answer % Correct
Chromatic Complex
100%
Clockwork
100%
FLOATING POINT
100%
Fortress Fall
100%
Madeline: The Bubble
100%
Polaris
100%
Storm Runner
100%
A Change in Direction
88%
Ethereal Ascension
88%
Golden Alleyway
88%
Hydroshock
88%
Hypnagogia
88%
Lunar Pagoda
88%
Mosaic Garden
88%
Plasma Reactor
88%
Psychokinetic
88%
Skyline Usurper
88%
Subway Neon
88%
The Core Problem
88%
Time Trouble
88%
Vinculum
88%
Caper Cavortion
75%
System.InvalidMapException
75%
Overgrown Linn
63%
No matching quizzes found
Score Distribution
Percent of People with Each Score
Percentile by Number Answered
Your Score History
You have not taken this quiz